Peores países para viajar 2024 - Estadísticas

Estadísticas generales
  • Esta prueba ha sido intentada 43 veces
  • La puntuación promedio es 7 de 11
Estadísticas de respuestas
Pregunta Respuesta % Correcto
País en negro. Afganistán.
100%
País en negro. Haití.
100%
País en negro. Sudán del Sur.
90%
País en negro. Somalia.
70%
País en negro. Eritrea.
60%
País en negro. República Centroafricana.
60%
País en negro. Siria.
50%
País en negro. Sudán.
50%
País en negro. Yemen.
40%
País en negro. Ucrania.
30%
País en negro. Papúa Nueva Guinea.
20%
No se encontraron pruebas coincidentes
Distribución de puntuación
Porcentaje de gente con cada puntuación
Porcentaje por número respondido
Historial de tus puntuaciones
No has intentado esta prueba.